000 00442nam a2200157 4500
001 144628
003 ES-MaACL
005 20230906201048.0
007 t|
008 070214s1959 sp r ||||1| cat d
100 1 _aSimo Oliver, Francina.
_9106501
245 1 0 _aEspires de cendrer /
_cFrancina Simo Oliver.
260 _aMallorca :
_b[s.n.],
_c1959 (
_fGráf. Miramar)
300 _a75 p. ;
_c18 cm.
852 _aES-MaACL
_jC-18071
_bR.44800
999 _c144628
_d144628